|
|
|
|
| LEADER |
02210cas a2200253 a 4500 |
| 001 |
AALejournalIMF015147 |
| 008 |
230101c9999 xx r poo 0 0eng d |
| 020 |
|
|
|c 5.00 USD
|
| 020 |
|
|
|z 9781589066212
|
| 022 |
|
|
|a 0252-2985
|
| 040 |
|
|
|a BD-DhAAL
|c BD-DhAAL
|
| 110 |
2 |
|
|a International Monetary Fund.
|
| 240 |
1 |
0 |
|a Systeme de statistiques des comptes macroeconomiques: Vue d'ensemble.
|l French
|
| 245 |
1 |
0 |
|a Systeme de statistiques des comptes macroeconomiques :
|b Vue d'ensemble.
|
| 264 |
|
1 |
|a Washington, D.C. :
|b International Monetary Fund,
|c 2008.
|
| 300 |
|
|
|a 1 online resource (128 pages)
|
| 490 |
1 |
|
|a Pamphlet Series
|
| 500 |
|
|
|a <strong>Off-Campus Access:</strong> No User ID or Password Required
|
| 500 |
|
|
|a <strong>On-Campus Access:</strong> No User ID or Password Required
|
| 506 |
|
|
|a Electronic access restricted to authorized BRAC University faculty, staff and students
|
| 520 |
3 |
|
|a Concue pour repondre aux besoins des economistes et statisticiens, cette brochure unique offre un tour d'horizon des principes fondamentaux sur lesquels reposent les statistiques macroeconomiques, vues comme un ensemble integre. Elle met en lumiere les relations entre les differents secteurs et etablit des liens entre les differents systemes de statistiques macroeconomiques - les comptes nationaux, la balance des paiements, les statistiques de finances publiques et les statistiques monetaires et financieres - afin d'aider le lecteur a comprendre les principaux concepts sous-tendant ces statistiques. Pour ce faire, elle simplifie nombre de concepts, presente les points communs et les differences, montre comment les quatre grands ensembles statistiques s'articulent de facon harmonisee, et presente des exemples illustrant l'application pratique l'utilisation des concepts a des fins analytiques. Elle constitue une mise a jour en profondeur de la brochure n 29, -- Comptes macroeconomiques : un apercu --, redigee par Poul Host-Madsen et publiee en 1985.
|
| 538 |
|
|
|a Mode of access: Internet
|
| 830 |
|
0 |
|a Pamphlet Series; Pamphlet Series, ;
|v No. 56
|
| 856 |
4 |
0 |
|z Full text available on IMF
|u http://elibrary.imf.org/view/books/054/07339-9781589066212-fr/07339-9781589066212-fr-book.xml
|z IMF e-Library
|